<?xml version="1.0" encoding="UTF-8"?>
<record
    xmlns:xsi="http://www.w3.org/2001/XMLSchema-instance"
    xsi:schemaLocation="http://www.loc.gov/MARC21/slim http://www.loc.gov/standards/marcxml/schema/MARC21slim.xsd"
    xmlns="http://www.loc.gov/MARC21/slim">

  <leader>02178nam a22003257a 4500</leader>
  <datafield tag="999" ind1=" " ind2=" ">
    <subfield code="c">21849</subfield>
    <subfield code="d">21849</subfield>
  </datafield>
  <controlfield tag="003">AR-CdUCM</controlfield>
  <controlfield tag="008">190425b           ||||| |||| 00| 0 spa d</controlfield>
  <datafield tag="040" ind1=" " ind2=" ">
    <subfield code="a">MUNICIPALIDAD PROVINCIAL DEL CUSCO</subfield>
    <subfield code="c">BIBLIOTECA MUNICIPAL DEL CUSCO</subfield>
  </datafield>
  <datafield tag="082" ind1=" " ind2=" ">
    <subfield code="a">Rev.Andi/N&#xB0;27/1996</subfield>
  </datafield>
  <datafield tag="110" ind1=" " ind2=" ">
    <subfield code="a">Centro Bartolom&#xE9; de Las Casas</subfield>
    <subfield code="9">3293</subfield>
  </datafield>
  <datafield tag="245" ind1=" " ind2=" ">
    <subfield code="a">Revista andina /</subfield>
    <subfield code="c">Centro de estudios rurales andinos Bartolom&#xE9; de Las Casas Cusco</subfield>
  </datafield>
  <datafield tag="260" ind1=" " ind2=" ">
    <subfield code="a">Cusco :</subfield>
    <subfield code="b">Centro Bartolom&#xE9; de Las Casas,</subfield>
    <subfield code="c">1996.</subfield>
  </datafield>
  <datafield tag="300" ind1=" " ind2=" ">
    <subfield code="a">288 p&#xE1;ginas. :</subfield>
    <subfield code="c">23 cm.</subfield>
  </datafield>
  <datafield tag="440" ind1=" " ind2=" ">
    <subfield code="a">Publicaci&#xF3;n Semestral del Centro Bartolom&#xE9; de Las Casas Cusco.</subfield>
    <subfield code="n">A&#xF1;o 14, N&#xFA;mero 27, N&#xB0;1, Primer semestre 1996.</subfield>
    <subfield code="9">46431</subfield>
  </datafield>
  <datafield tag="505" ind1=" " ind2=" ">
    <subfield code="a">Contenido: Por qu&#xE9; mintieron los indios de Cajatambo la extirpaci&#xF3;n de idolatr&#xED;as en Hacas entre 1656-1665. Juan Carlos Garc&#xED;a.-- La iglesia en el Per&#xFA; colonial temprano, Fray Jer&#xF3;nimo de Loaysa, primer obispo de Lima. Antonio Acosta. -- Identidad y pertenencia de la nobleza cusque&#xF1;a en el mundo colonial temprano. Gonzalo Lamana. -- El Per&#xFA; de 1590 visto por el provincial de los jesuitas. Rafael Vargas-Hidalgo. -- Pecados secretos, p&#xFA;blicas virtudes el acoso sexual en el confesionario. Ana S&#xE1;nchez. -- La inquisici&#xF3;n peruana en Chile cat&#xE1;logo de los documentos existentes en el Archivo Nacional de Santiago. Teodoro Hampe Mart&#xED;nez. -- Trabajo familiar y producci&#xF3;n de textiles en las tierras altas de la provincia de Jujuy. Mediados del siglo XIX. Ana A. Teruel. -- A prop&#xF3;sito de A Dios rogando&#x2026; Los pentecostales en la sociedad aymara del norte de Chile. Dominique Motte. -- Cron&#xED;stica e historia andina, siglos XVI y XVII. Henrique Urbano.

</subfield>
  </datafield>
  <datafield tag="650" ind1=" " ind2=" ">
    <subfield code="a">Catolicismo</subfield>
    <subfield code="9">2175</subfield>
  </datafield>
  <datafield tag="650" ind1=" " ind2=" ">
    <subfield code="a">Evangelizaci&#xF3;n</subfield>
    <subfield code="9">46432</subfield>
  </datafield>
  <datafield tag="650" ind1=" " ind2=" ">
    <subfield code="a">Santa Inquisici&#xF3;n</subfield>
    <subfield code="9">12902</subfield>
  </datafield>
  <datafield tag="650" ind1=" " ind2=" ">
    <subfield code="a">Nobleza cusque&#xF1;a</subfield>
    <subfield code="9">46433</subfield>
  </datafield>
  <datafield tag="650" ind1=" " ind2=" ">
    <subfield code="a">&#xC9;poca colonial</subfield>
    <subfield code="9">46434</subfield>
  </datafield>
  <datafield tag="650" ind1=" " ind2=" ">
    <subfield code="a">Historia andina</subfield>
    <subfield code="9">12263</subfield>
  </datafield>
  <datafield tag="700" ind1=" " ind2=" ">
    <subfield code="a">Garc&#xED;a, Juan Carlos</subfield>
    <subfield code="9">3209</subfield>
  </datafield>
  <datafield tag="700" ind1=" " ind2=" ">
    <subfield code="a">Acosta, Antonio</subfield>
    <subfield code="9">46435</subfield>
  </datafield>
  <datafield tag="700" ind1=" " ind2=" ">
    <subfield code="a">Lamana, Gonzalo</subfield>
    <subfield code="9">46436</subfield>
  </datafield>
  <datafield tag="700" ind1=" " ind2=" ">
    <subfield code="a">Vargas-Hidalgo, Rafael</subfield>
    <subfield code="9">46437</subfield>
  </datafield>
  <datafield tag="700" ind1=" " ind2=" ">
    <subfield code="a">S&#xE1;nchez, Ana</subfield>
    <subfield code="9">3210</subfield>
  </datafield>
  <datafield tag="942" ind1=" " ind2=" ">
    <subfield code="2">ddc</subfield>
    <subfield code="c">PP</subfield>
  </datafield>
  <datafield tag="945" ind1=" " ind2=" ">
    <subfield code="a">rac</subfield>
  </datafield>
  <datafield tag="952" ind1=" " ind2=" ">
    <subfield code="0">0</subfield>
    <subfield code="2">ddc</subfield>
    <subfield code="4">0</subfield>
    <subfield code="7">0</subfield>
    <subfield code="a">HEM</subfield>
    <subfield code="b">HEM</subfield>
    <subfield code="c">CART</subfield>
    <subfield code="d">2021-08-25</subfield>
    <subfield code="g">10.00</subfield>
    <subfield code="o">Rev.Andi/N&#xB0;27/1996</subfield>
    <subfield code="p">REVC000325</subfield>
    <subfield code="r">2021-08-25</subfield>
    <subfield code="y">PP</subfield>
  </datafield>
</record>
